Tilastot visalle Suomen maakunnat

Klikkaa tästä pelataksesi tätä visaa!

Yleistilastot

  • Tätä visaa on pelattu 2 545 kertaa
    (2 539 viimeisimmän päivityksen jälkeen)
  • Keskiarvotulos 15 / 19

Vastaukset kartalla

Vastauksille on annettu kartalla punavihreä väri sen mukaan, kuinka moni on saanut sen oikein.
Ladataan ...
 

Vastaustilastot

Maakunnat% Oikein
Lappi
99%
Uusimaa
96%
Pohjois-Pohjanmaa
91%
Keski-Suomi
88%
Pohjois-Karjala
86%
Ahvenanmaa
86%
Etelä-Pohjanmaa
86%
Etelä-Karjala
84%
Pohjanmaa
84%
Etelä-Savo
82%
Pohjois-Savo
81%
Pirkanmaa
80%
Varsinais-Suomi
80%
Kainuu
79%
Keski-Pohjanmaa
73%
Satakunta
72%
Kanta-Häme
68%
Päijät-Häme
64%
Kymenlaakso
63%

Tulosjakauma

Persentiili vastausten määrän mukaan

Jokaisen tuloksen saaneiden osuus

Tuloshistoriasi

Et ole pelannut tätä visaa sen viimeisimmän päivityksen jälkeen